<?xml version="1.0" encoding="UTF-8"?>
<record
    xmlns:xsi="http://www.w3.org/2001/XMLSchema-instance"
    xsi:schemaLocation="http://www.loc.gov/MARC21/slim http://www.loc.gov/standards/marcxml/schema/MARC21slim.xsd"
    xmlns="http://www.loc.gov/MARC21/slim">

  <leader>01855naa a2200277 i 4500</leader>
  <controlfield tag="001">BPP</controlfield>
  <controlfield tag="003">BPK</controlfield>
  <controlfield tag="005">20191005093907.0</controlfield>
  <controlfield tag="008">151203s2003    pl     f     |100 0 pol</controlfield>
  <datafield tag="040" ind1=" " ind2=" ">
    <subfield code="c">BPK</subfield>
  </datafield>
  <datafield tag="080" ind1=" " ind2=" ">
    <subfield code="a">621.3.037/.049</subfield>
  </datafield>
  <datafield tag="100" ind1=" " ind2=" ">
    <subfield code="a">PAW&#x141;OWSKI, Piotr.</subfield>
    <subfield code="d">1996 - .</subfield>
    <subfield code="b">Politechnika Koszali&#x144;ska - Wydzia&#x142; Elektroniki,</subfield>
    <subfield code="c">Katedra System&#xF3;w Elektronicznych</subfield>
  </datafield>
  <datafield tag="245" ind1=" " ind2=" ">
    <subfield code="a">Programowane po&#x142;&#x105;czenia w uk&#x142;adach FPMA /</subfield>
    <subfield code="c">Piotr Paw&#x142;owski, Micha&#x142; Bia&#x142;ko.</subfield>
  </datafield>
  <datafield tag="260" ind1=" " ind2=" ">
    <subfield code="c">2003.</subfield>
  </datafield>
  <datafield tag="500" ind1=" " ind2=" ">
    <subfield code="a">Dane z autopsji.</subfield>
  </datafield>
  <datafield tag="520" ind1=" " ind2=" ">
    <subfield code="a">W pracy przedstawiona jest koncepcja rozprowadzania sygna&#x142;&#xF3;w w mieszanym analogowo-cyfrowym uk&#x142;adzie reprogramowalnym zbudowanym z u&#x17C;yciem bramek cyfrowych pracuj&#x105;cych w trybie pr&#x105;dowym. Zaprezentowana zosta&#x142;a koncepcja oraz uk&#x142;ady wykonawcze dla realizacji programowalnych po&#x142;&#x105;cze&#x144; wewn&#x105;trz blok&#xF3;w CLB oraz IOB cz&#x119;&#x15B;ci cyfrowej uk&#x142;adu FPMA, jak r&#xF3;wnie&#x17C; pomi&#x119;dzy tymi blokami, w oparciu o prze&#x142;&#x105;czniki macierzowe i multipleksery dost&#x119;pu do magistral.</subfield>
  </datafield>
  <datafield tag="650" ind1=" " ind2="0">
    <subfield code="a">Uk&#x142;ady scalone.</subfield>
  </datafield>
  <datafield tag="650" ind1=" " ind2="0">
    <subfield code="a">Uk&#x142;ady logiczne programowalne FPGA.</subfield>
  </datafield>
  <datafield tag="655" ind1=" " ind2="0">
    <subfield code="a">Materia&#x142;y konferencyjne.</subfield>
  </datafield>
  <datafield tag="700" ind1=" " ind2=" ">
    <subfield code="a">BIA&#x141;KO, Micha&#x142;.</subfield>
    <subfield code="d">1996 - .</subfield>
    <subfield code="b">Politechnika Koszali&#x144;ska - Wydzia&#x142; Elektroniki,</subfield>
    <subfield code="c">Katedra In&#x17C;ynierii Komputerowej</subfield>
  </datafield>
  <datafield tag="700" ind1=" " ind2=" ">
    <subfield code="a">SO&#x141;TAN, Przemys&#x142;aw.</subfield>
    <subfield code="d">1998 - 2006.</subfield>
    <subfield code="b">Politechnika Koszali&#x144;ska - Wydzia&#x142; Elektroniki,</subfield>
    <subfield code="c">Katedra In&#x17C;ynierii Komputerowej</subfield>
  </datafield>
  <datafield tag="773" ind1=" " ind2=" ">
    <subfield code="i">W :</subfield>
    <subfield code="t">Druga Krajowa Konferencja Elektroniki : materia&#x142;y konferencji. T. 2/2. -</subfield>
    <subfield code="d">Koszalin : Wydzia&#x142; Elektroniki Politechniki Koszali&#x144;skiej, 2003. -</subfield>
    <subfield code="g">s. 731-736</subfield>
  </datafield>
  <datafield tag="711" ind1=" " ind2=" ">
    <subfield code="a">Krajowa Konferencja Elektroniki</subfield>
    <subfield code="n">(2 ;</subfield>
    <subfield code="d">2003 ;</subfield>
    <subfield code="c">Ko&#x142;obrzeg, Polska).</subfield>
    <subfield code="p">KKE'2003</subfield>
  </datafield>
  <datafield tag="700" ind1=" " ind2=" ">
    <subfield code="a">Maslennikow, Oleg</subfield>
    <subfield code="d">1996 - 2010.</subfield>
    <subfield code="b">Politechnika Koszali&#x144;ska - Wydzia&#x142; Elektroniki,</subfield>
    <subfield code="c">Katedra In&#x17C;ynierii Komputerowej</subfield>
  </datafield>
  <datafield tag="942" ind1=" " ind2=" ">
    <subfield code="c">ART</subfield>
    <subfield code="2">UKD</subfield>
  </datafield>
  <datafield tag="999" ind1=" " ind2=" ">
    <subfield code="c">3680</subfield>
    <subfield code="d">3680</subfield>
  </datafield>
  <datafield tag="952" ind1=" " ind2=" ">
    <subfield code="0">0</subfield>
    <subfield code="1">0</subfield>
    <subfield code="4">0</subfield>
    <subfield code="7">0</subfield>
    <subfield code="a">BPK</subfield>
    <subfield code="b">BPK</subfield>
    <subfield code="o">67789</subfield>
    <subfield code="y">ART</subfield>
  </datafield>
</record>
